[Event "106th British-ch 2019"]
[Site "Torquay"]
[Date "2019.08.02"]
[Round "7.20"]
[White "Hand, Freddie"]
[Black "Player, Edmund C"]
[Result "1-0"]
[WhiteElo "2142"]
[BlackElo "2202"]
[Annotator "NA"]
[PlyCount "71"]
[EventDate "2019.07.27"]
[EventType "swiss"]
[EventCountry "GBR"]
[SourceTitle "playchess.com"]
[Source "ChessBase"]
[SourceQuality "1"]
[TimeControl "40/5400+30:1800+30"]

1. d4 {[%emt 0:00:00]} d5 {[%emt 0:00:00]} 2. c4 {[%emt 0:00:00]} dxc4 {[%emt 0:00:00]} 3. e4 {[%emt 0:00:00]} Nf6 {[%emt 0:00:00]} 4. e5 {[%emt 0:00:00]} Nd5 {[%emt 0:00:00]} 5. Bxc4 {[%emt 0:00:00]} Nb6 {[%emt 0:00:00]} 6. Bd3 {[%emt 0:00:00]} Nc6 {[%emt 0:00:15]} 7. Be3 {[%emt 0:00:00]} g6 {[%emt 0:00:21]} 8. Nc3 {[%emt 0:00:30]} Nb4 {[%emt 0:01:31]} 9. Be4 {[%emt 0:00:12]} N4d5 {[%emt 0:00:58]} 10. Nf3 {[%emt 0:04:14]} c6 {[%emt 0:08:47]} 11. O-O {[%emt 0:41:25]} Bg7 {[%emt 0:11:37]} 12. Qc1 {[%emt 0:12:52]} h6 {[%emt 0:05:11]} 13. Nxd5 {[%emt 0:13:20]} Nxd5 {[%emt 0:24:47]} 14. Ne1 {[%emt 0:03:13]} Be6 {[%emt 0:11:17]} 15. Nd3 {[%emt 0:02:50]} Nxe3 {[%emt 0:02:14]} 16. Qxe3 {[%emt 0:00:40]} Bc4 {[%emt 0:09:14]} 17. Rfc1 {[%emt 0:12:31]} Bxd3 {[%emt 0:00:34]} 18. Qxd3 {[%emt 0:00:13]} O-O {[%emt 0:00:26]} 19. Rc4 {[%emt 0:03:33]} e6 {[%emt 0:01:27]} 20. f4 {[%emt 0:02:11]} Qb6 {[%emt 0:02:52]} 21. Qc3 {[%emt 0:00:53]} Rad8 {[%emt 0:01:10]} 22. Rd1 {[%emt 0:00:24]} Rd7 {[%emt 0:00:45]} 23. Rd3 {[%emt 0:01:08]} Rfd8 {[%emt 0:01:27]} 24. Kh1 {[%emt 0:00:24]} Bf8 {[%emt 0:00:45]} 25. g4 {[%emt 0:01:03]} Qa6 26. f5 {[%emt 0:01:26]} c5 {[%emt 0:13:05]} 27. fxg6 Rxd4 {[%emt 0:01:37]} 28. gxf7+ {[%emt 0:00:00]} Kg7 {[%emt 0:01:03]} 29. b3 {[%emt 0:00:53]} Qxa2 {[%emt 0:01:14]} 30. Rcxd4 {[%emt 0:00:18]} cxd4 {[%emt 0:00:44]} 31. Qe1 {[%emt 0:00:19]} Be7 {[%emt 0:00:46]} 32. Qf1 {[%emt 0:00:35]} Qb2 {[%emt 0:00:40]} 33. Rf3 {[%emt 0:00:21]} Kf8 {[%emt 0:00:35]} 34. Rf6 {[%emt 0:00:48]} Rc8 {[%emt 0:00:57]} 35. Rg6 {[%emt 0:00:19]} Bf6 {[%emt 0:00:40]} 36. Rg8+ {[%emt 0:00:24]} 1-0

[Event "106th British-ch 2019"]
[Site "Torquay"]
[Date "2019.08.02"]
[Round "7.21"]
[White "Jones, Steven A"]
[Black "Ledger, Dave J"]
[Result "1/2-1/2"]
[WhiteElo "2117"]
[BlackElo "2168"]
[Annotator "NA"]
[PlyCount "109"]
[EventDate "2019.07.27"]
[EventType "swiss"]
[EventCountry "GBR"]
[SourceTitle "playchess.com"]
[Source "ChessBase"]
[SourceQuality "1"]
[TimeControl "40/5400+30:1800+30"]

1. e4 {[%emt 0:00:00]} e5 {[%emt 0:00:00]} 2. Nf3 {[%emt 0:00:24]} Nc6 {[%emt 0:00:00]} 3. Bb5 {[%emt 0:00:43]} a6 {[%emt 0:00:00]} 4. Ba4 {[%emt 0:00:42]} Nf6 {[%emt 0:00:08]} 5. O-O {[%emt 0:00:42]} Be7 {[%emt 0:02:57]} 6. Re1 {[%emt 0:00:23]} b5 {[%emt 0:00:09]} 7. Bb3 {[%emt 0:00:04]} O-O {[%emt 0:01:06]} 8. a4 {[%emt 0:02:13]} b4 {[%emt 0:01:34]} 9. d3 {[%emt 0:02:24]} d6 {[%emt 0:01:27]} 10. a5 {[%emt 0:02:21]} h6 {[%emt 0:06:42]} 11. Nbd2 {[%emt 0:04:54]} Re8 {[%emt 0:05:21]} 12. Nc4 {[%emt 0:05:15]} Bf8 {[%emt 0:04:31]} 13. Bd2 {[%emt 0:06:22]} Rb8 {[%emt 0:02:39]} 14. h3 {[%emt 0:04:34]} Bd7 {[%emt 0:03:55]} 15. Ne3 {[%emt 0:22:21]} g6 {[%emt 0:16:24]} 16. Qc1 {[%emt 0:03:13]} Kg7 {[%emt 0:12:31]} 17. Nd5 {[%emt 0:15:22]} Ng8 {[%emt 0:00:29]} 18. Ra4 {[%emt 0:00:23]} Be6 {[%emt 0:03:42]} 19. Bc4 {[%emt 0:02:24]} Bxd5 {[%emt 0:04:03]} 20. Bxd5 {[%emt 0:07:03]} Qd7 {[%emt 0:02:16]} 21. Bxc6 {[%emt 0:01:39]} Qxc6 {[%emt 0:00:04]} 22. Rxb4 {[%emt 0:00:07]} f5 {[%emt 0:01:09]} 23. Rxb8 {[%emt 0:01:28]} Rxb8 {[%emt 0:00:06]} 24. exf5 {[%emt 0:00:50]} gxf5 {[%emt 0:00:07]} 25. Bc3 {[%emt 0:00:50]} Kh7 {[%emt 0:01:05]} 26. Qd1 {[%emt 0:00:31]} Bg7 {[%emt 0:00:43]} 27. Nh4 {[%emt 0:00:23]} Rf8 {[%emt 0:00:30]} 28. Qh5 {[%emt 0:01:18]} Ne7 {[%emt 0:00:46]} 29. f4 {[%emt 0:05:39]} e4 {[%emt 0:01:44]} 30. Bxg7 {[%emt 0:00:21]} Kxg7 {[%emt 0:00:07]} 31. dxe4 {[%emt 0:00:22]} fxe4 {[%emt 0:00:13]} 32. Qg4+ {[%emt 0:02:03]} Kh7 {[%emt 0:01:18]} 33. Qe6 {[%emt 0:00:17]} Qc5+ {[%emt 0:00:52]} 34. Kh1 {[%emt 0:00:50]} d5 {[%emt 0:01:02]} 35. c3 {[%emt 0:00:38]} Rxf4 {[%emt 0:01:54]} 36. b4 {[%emt 0:00:45]} Qf2 {[%emt 0:01:53]} 37. Qxe7+ {[%emt 0:01:18]} Rf7 {[%emt 0:00:05]} 38. Rxe4 {[%emt 0:00:08]} Rxe7 {[%emt 0:00:42]} 39. Rxe7+ {[%emt 0:00:04]} Kg8 {[%emt 0:00:04]} 40. Nf3 {[%emt 0:00:12]} Qf1+ {[%emt 0:00:55]} 41. Kh2 {[%emt 0:31:31]} Qc4 {[%emt 0:30:24]} 42. Re6 {[%emt 0:00:56]} Qxc3 {[%emt 0:04:14]} 43. Rxh6 {[%emt 0:01:14]} Qxb4 {[%emt 0:01:16]} 44. Rxa6 {[%emt 0:01:00]} d4 45. Ra8+ {[%emt 0:03:16]} Kg7 {[%emt 0:00:58]} 46. a6 {[%emt 0:00:00]} Qd6+ {[%emt 0:09:47]} 47. Kh1 {[%emt 0:00:00]} c5 {[%emt 0:00:00]} 48. Rc8 {[%emt 0:00:00]} Qb6 {[%emt 0:00:00]} 49. Ne5 {[%emt 0:00:00]} Qxa6 {[%emt 0:00:00]} 50. Rxc5 {[%emt 0:00:00]} Qf1+ {[%emt 0:00:00]} 51. Kh2 {[%emt 0:00:00]} Qf4+ {[%emt 0:00:00]} 52. Kh1 {[%emt 0:00:00]} Qf1+ {[%emt 0:00:00]} 53. Kh2 {[%emt 0:00:00]} Qf4+ {[%emt 0:00:00]} 54. Kg1 {[%emt 0:00:00]} Qe3+ {[%emt 0:00:00]} 55. Kh2 {[%emt 0:01:17]} 1/2-1/2

[Event "106th British-ch 2019"]
[Site "Torquay"]
[Date "2019.08.02"]
[Round "7.22"]
[White "Rocco, Federico"]
[Black "Yoon, Jacob D"]
[Result "1-0"]
[WhiteElo "2157"]
[BlackElo "1963"]
[Annotator "NA"]
[PlyCount "128"]
[EventDate "2019.07.27"]
[EventType "swiss"]
[EventCountry "GBR"]
[SourceTitle "playchess.com"]
[Source "ChessBase"]
[SourceQuality "1"]
[TimeControl "40/5400+30:1800+30"]

1. e4 {[%emt 0:00:00]} c5 {[%emt 0:00:00]} 2. Nf3 {[%emt 0:00:00]} a6 {[%emt 0:00:00]} 3. c4 {[%emt 0:00:00]} e6 {[%emt 0:00:04]} 4. Nc3 {[%emt 0:00:13]} Nc6 {[%emt 0:00:10]} 5. d4 {[%emt 0:00:12]} cxd4 {[%emt 0:00:05]} 6. Nxd4 {[%emt 0:00:04]} Qc7 {[%emt 0:01:04]} 7. Be3 {[%emt 0:00:07]} Nf6 {[%emt 0:00:44]} 8. Be2 {[%emt 0:00:10]} d6 {[%emt 0:00:35]} 9. Rc1 {[%emt 0:00:32]} Be7 {[%emt 0:00:35]} 10. O-O {[%emt 0:01:12]} O-O {[%emt 0:00:11]} 11. f3 {[%emt 0:00:29]} b6 {[%emt 0:02:00]} 12. Nd5 {[%emt 0:02:37]} exd5 {[%emt 0:03:30]} 13. cxd5 {[%emt 0:00:11]} b5 {[%emt 0:01:08]} 14. Nxc6 {[%emt 0:00:11]} Qd7 {[%emt 0:00:18]} 15. Bb6 {[%emt 0:01:07]} Ne8 {[%emt 0:00:16]} 16. Nxe7+ {[%emt 0:00:18]} Qxe7 {[%emt 0:00:05]} 17. Bd4 {[%emt 0:00:38]} f5 {[%emt 0:00:41]} 18. Bd3 {[%emt 0:00:26]} fxe4 {[%emt 0:00:28]} 19. Bxe4 {[%emt 0:00:44]} Bf5 {[%emt 0:01:41]} 20. Qd3 {[%emt 0:00:18]} Qg5 {[%emt 0:01:38]} 21. Bc3 {[%emt 0:05:43]} h6 {[%emt 0:05:07]} 22. Rfe1 {[%emt 0:02:43]} Bxe4 {[%emt 0:02:28]} 23. fxe4 {[%emt 0:00:08]} Nf6 {[%emt 0:00:17]} 24. Bb4 {[%emt 0:01:19]} Rad8 {[%emt 0:05:12]} 25. e5 {[%emt 0:02:45]} Ng4 {[%emt 0:01:12]} 26. Qg3 {[%emt 0:12:46]} Nxe5 {[%emt 0:02:36]} 27. Qxg5 {[%emt 0:03:56]} hxg5 {[%emt 0:00:06]} 28. Bxd6 {[%emt 0:00:49]} Nf3+ {[%emt 0:00:05]} 29. gxf3 {[%emt 0:00:03]} Rxd6 {[%emt 0:00:04]} 30. Re5 {[%emt 0:00:22]} Rxf3 {[%emt 0:00:45]} 31. Rxg5 {[%emt 0:00:38]} Rd3 {[%emt 0:00:09]} 32. Rc7 {[%emt 0:03:21]} R6xd5 {[%emt 0:02:27]} 33. Rcxg7+ {[%emt 0:00:36]} Kf8 {[%emt 0:00:10]} 34. Rxd5 {[%emt 0:00:58]} Rxd5 {[%emt 0:00:05]} 35. Rg2 {[%emt 0:00:10]} Rd3 {[%emt 0:03:24]} 36. h4 {[%emt 0:01:56]} Rh3 {[%emt 0:00:57]} 37. Rg4 {[%emt 0:00:14]} Rd3 {[%emt 0:00:28]} 38. Kh2 {[%emt 0:00:25]} Kf7 {[%emt 0:00:51]} 39. Kg1 {[%emt 0:12:17]} Rd2 {[%emt 0:01:20]} 40. Rg2 {[%emt 0:00:12]} Rd1+ {[%emt 0:01:06]} 41. Kf2 {[%emt 0:30:16]} Rh1 {[%emt 0:30:04]} 42. Kg3 {[%emt 0:03:03]} Kg6 {[%emt 0:00:34]} 43. Kg4 {[%emt 0:02:12]} Kh6 {[%emt 0:02:24]} 44. Kf5 {[%emt 0:01:51]} Kh5 {[%emt 0:09:10]} 45. Ke5 {[%emt 0:04:08]} Rxh4 {[%emt 0:01:15]} 46. Kd5 {[%emt 0:00:07]} Rc4 {[%emt 0:06:27]} 47. b3 {[%emt 0:00:27]} Rc1 {[%emt 0:01:03]} 48. Kd4 {[%emt 0:00:43]} Rc6 {[%emt 0:02:38]} 49. Kd3 {[%emt 0:00:17]} Kh6 {[%emt 0:01:38]} 50. Kd4 {[%emt 0:03:10]} Rc1 {[%emt 0:01:28]} 51. Re2 {[%emt 0:03:45]} a5 {[%emt 0:00:11]} 52. Re6+ {[%emt 0:02:04]} Kg5 {[%emt 0:00:01]} 53. Re5+ {[%emt 0:00:12]} Kf6 {[%emt 0:00:03]} 54. Rxb5 {[%emt 0:00:07]} Ke6 {[%emt 0:00:05]} 55. Rxa5 {[%emt 0:00:04]} Kd6 {[%emt 0:00:02]} 56. Ra6+ {[%emt 0:00:06]} Kc7 {[%emt 0:00:04]} 57. b4 {[%emt 0:00:06]} Kb7 {[%emt 0:00:02]} 58. Ra5 {[%emt 0:00:09]} Rc8 {[%emt 0:00:04]} 59. a4 {[%emt 0:00:06]} Rc1 {[%emt 0:00:03]} 60. Rg5 {[%emt 0:00:22]} Ra1 {[%emt 0:00:08]} 61. a5 {[%emt 0:00:05]} Ka6 {[%emt 0:00:07]} 62. Rg6+ {[%emt 0:00:14]} Kb5 {[%emt 0:00:17]} 63. Rb6+ {[%emt 0:00:13]} Ka4 {[%emt 0:00:01]} 64. a6 {[%emt 0:00:07]} Kb3 {[%emt 0:00:00]} 1-0

[Event "106th British-ch 2019"]
[Site "Torquay"]
[Date "2019.08.02"]
[Round "7.23"]
[White "Jaufarally, Nadia"]
[Black "Starley, Robert"]
[Result "0-1"]
[WhiteElo "1944"]
[BlackElo "2058"]
[Annotator "NA"]
[PlyCount "120"]
[EventDate "2019.07.27"]
[EventType "swiss"]
[EventCountry "GBR"]
[SourceTitle "playchess.com"]
[Source "ChessBase"]
[SourceQuality "1"]
[TimeControl "40/5400+30:1800+30"]

1. e4 {[%emt 0:00:00]} c5 {[%emt 0:00:00]} 2. Nf3 {[%emt 0:00:00]} Nc6 {[%emt 0:00:00]} 3. d4 {[%emt 0:00:47]} cxd4 {[%emt 0:00:00]} 4. Nxd4 {[%emt 0:00:06]} d6 {[%emt 0:00:42]} 5. Nc3 {[%emt 0:02:09]} Nf6 {[%emt 0:01:13]} 6. f3 {[%emt 0:03:11]} g6 {[%emt 0:00:55]} 7. Be3 {[%emt 0:02:47]} Bg7 {[%emt 0:00:36]} 8. Bc4 {[%emt 0:02:14]} O-O {[%emt 0:01:02]} 9. Bb3 {[%emt 0:00:28]} Bd7 {[%emt 0:04:10]} 10. Qd2 {[%emt 0:00:31]} Na5 {[%emt 0:05:28]} 11. O-O-O {[%emt 0:01:11]} Nxb3+ {[%emt 0:00:22]} 12. cxb3 {[%emt 0:01:13]} a6 {[%emt 0:04:11]} 13. Kb1 {[%emt 0:11:37]} Re8 {[%emt 0:02:28]} 14. h4 {[%emt 0:03:33]} Qa5 {[%emt 0:03:42]} 15. h5 {[%emt 0:05:12]} Nxh5 {[%emt 0:18:51]} 16. g4 {[%emt 0:10:39]} Nf6 {[%emt 0:00:00]} 17. Bh6 {[%emt 0:00:21]} Bh8 {[%emt 0:00:00]} 18. Nf5 {[%emt 0:03:59]} Bxf5 {[%emt 0:00:00]} 19. gxf5 {[%emt 0:00:29]} Rac8 {[%emt 0:01:17]} 20. Qh2 {[%emt 0:08:53]} Nh5 {[%emt 0:24:38]} 21. Nd5 {[%emt 0:08:14]} e6 {[%emt 0:03:08]} 22. Qxh5 {[%emt 0:07:15]} exd5 {[%emt 0:00:00]} 23. fxg6 {[%emt 0:01:49]} hxg6 {[%emt 0:00:00]} 24. Rhg1 {[%emt 0:10:58]} Re6 {[%emt 0:09:29]} 25. Qh3 {[%emt 0:08:11]} Rce8 {[%emt 0:04:03]} 26. Rxd5 {[%emt 0:02:46]} Qb6 {[%emt 0:01:21]} 27. Rh1 {[%emt 0:00:19]} Bf6 {[%emt 0:03:49]} 28. Bg5 {[%emt 0:02:47]} Bg7 {[%emt 0:00:32]} 29. Qh7+ {[%emt 0:00:57]} Kf8 {[%emt 0:00:04]} 30. Bh6 {[%emt 0:00:10]} Bxh6 {[%emt 0:00:08]} 31. Qxh6+ {[%emt 0:00:11]} Ke7 {[%emt 0:00:06]} 32. Qg5+ {[%emt 0:00:20]} Kd7 {[%emt 0:00:13]} 33. Rh7 {[%emt 0:01:58]} R8e7 {[%emt 0:00:52]} 34. Qf4 {[%emt 0:01:04]} Qg1+ {[%emt 0:03:27]} 35. Kc2 {[%emt 0:00:10]} Qf2+ {[%emt 0:00:23]} 36. Rd2 {[%emt 0:00:32]} Qc5+ {[%emt 0:00:05]} 37. Kd1 {[%emt 0:00:25]} g5 {[%emt 0:03:05]} 38. Qg3 {[%emt 0:00:32]} Qe3 {[%emt 0:01:21]} 39. Rg7 {[%emt 0:00:46]} Re5 {[%emt 0:01:56]} 40. Qh3+ {[%emt 0:00:40]} Kc7 {[%emt 0:01:57]} 41. Qf1 {[%emt 0:04:58]} Rc5 {[%emt 0:00:52]} 42. b4 {[%emt 0:05:37]} Rc6 {[%emt 0:00:21]} 43. Qg2 {[%emt 0:00:35]} Rc4 {[%emt 0:03:23]} 44. Qg3 {[%emt 0:03:02]} Rd4 {[%emt 0:01:09]} 45. Qg2 {[%emt 0:03:28]} Rxd2+ {[%emt 0:00:47]} 46. Qxd2 {[%emt 0:00:07]} Qxf3+ {[%emt 0:00:21]} 47. Kc1 {[%emt 0:00:29]} Qh1+ {[%emt 0:00:47]} 48. Qd1 {[%emt 0:01:07]} Qxe4 {[%emt 0:04:21]} 49. Rxg5 {[%emt 0:03:34]} Qf4+ {[%emt 0:00:40]} 50. Qd2 {[%emt 0:00:06]} Re1+ {[%emt 0:01:52]} 51. Kc2 {[%emt 0:00:09]} Qe4+ {[%emt 0:00:13]} 52. Kb3 {[%emt 0:01:05]} Re3+ {[%emt 0:06:15]} 53. Ka4 {[%emt 0:00:08]} Qc6+ {[%emt 0:01:12]} 54. b5 {[%emt 0:07:13]} axb5+ {[%emt 0:02:22]} 55. Rxb5 {[%emt 0:00:19]} Re5 {[%emt 0:01:59]} 56. Qd3 {[%emt 0:03:15]} f5 {[%emt 0:02:49]} 57. Kb4 {[%emt 0:02:11]} Rxb5+ {[%emt 0:00:17]} 58. Qxb5 {[%emt 0:00:06]} Qxb5+ {[%emt 0:00:05]} 59. Kxb5 {[%emt 0:00:03]} f4 {[%emt 0:00:56]} 60. Kc4 {[%emt 0:00:11]} d5+ {[%emt 0:00:37]} 0-1

[Event "106th British-ch 2019"]
[Site "Torquay"]
[Date "2019.08.02"]
[Round "7.24"]
[White "Krzyzanowski, Patryk"]
[Black "Longson, Sarah N"]
[Result "0-1"]
[WhiteElo "2114"]
[BlackElo "2095"]
[Annotator "TA"]
[PlyCount "118"]
[EventDate "2019.07.27"]
[EventType "swiss"]
[EventCountry "GBR"]
[SourceTitle "playchess.com"]
[Source "ChessBase"]
[SourceQuality "1"]

{[%evp 9,118,-16,-18,-50,-55,-55,12,-41,-58,-85,-90,-89,-65,-60,-59,-56,-39,-43,0,-97,-37,-99,-72,-83,-72,-94,-76,-90,-61,-64,-55,-72,-52,-46,-50,-62,-47,-58,-56,-71,-69,-72,-66,-75,-65,-90,-90,-77,-72,-168,-115,-114,-115,-115,-121,-122,-108,-109,-105,-112,-118,-131,-127,-125,-102,-116,-109,-128,-136,-114,-115,-99,0,0,0,0,0,0,0,0,0,0,0,0,0,0,0,0,0,0,0,0,0,0,8,0,0,0,0,0,0,-2129,-576,-1645,-2171,-29967,-29969,-29973,-29975,-29974,-29973]} 1. d4 d5 2. Nf3 Nf6 3. c4 dxc4 4. g3 c5 5. Bg2 (5. Qa4+ Bd7 6. Qxc4 cxd4 7. Bg2 Bc6 8. O-O e6 9. Nxd4 Bxg2 10. Kxg2 Nbd7 11. Qb5 Bc5 12. Nb3 Bb6 {½-½ (30) Gelfand,B (2733)-Svidler,P (2726) Odessa 2009}) 5... Nc6 {[%cal Rc5d4]} 6. Ne5 {D23: Queen's Gambit Accepted: 3 Nf3 Nf6 sidelines} Nxe5 7. dxe5 Qxd1+ 8. Kxd1 {The position is equal.} Ng4 {[%mdl 64] Double Attack} 9. Kc2 Nxe5 10. Bf4 $146 ({Predecessor:} 10. f4 Nd7 11. Nc3 a6 12. Nd5 Rb8 {0-1 (37) Ladanyi,G-Engstrom,S (2025) Budapest 2000}) 10... Nc6 (10... Ng6 {feels hotter.} 11. Be3 Bf5+ 12. Kc1 O-O-O 13. Nd2 e5) 11. Bxc6+ $1 bxc6 12. Nd2 Ba6 13. Ne4 Bc8 14. Kc3 {[#]} (14. Nd2 $1 $11) 14... Bf5 ({Black should play} 14... g5 $1 $17 15. Be5 (15. Nxg5 Bg7+) 15... f6) 15. Nd2 (15. Nxc5 $15 e5 16. Be3) 15... g6 {...Bg7+ is the strong threat.} 16. Nxc4 Bg7+ 17. Be5 f6 18. Bf4 Be4 19. f3 Bd5 20. e4 f5+ 21. Be5 $1 {[%cal Re5g7]} Bxe5+ 22. Nxe5 fxe4 23. fxe4 Bxe4 24. Rhe1 Bd5 25. Nd3 Rf8 26. Re3 c4 27. Nf4 Kd7 28. Rd1 Rf5 29. Ne6 {[#]} (29. Nxd5 $17 cxd5 30. g4) 29... Rb8 (29... Kd6 $1 $19 30. h4 Rb8) 30. Nc5+ $17 Kd6 31. Ne4+ Kc7 32. Rde1 Rbf8 33. Nd2 e6 $1 34. a3 Rf2 35. h4 Rg2 {Hoping for ...Rff2.} 36. R1e2 Rff2 37. Rxf2 Rxf2 {[%mdl 4096] Endgame KRB-KRN} 38. Ne4 Rf1 39. Ng5 h6 40. Nxe6+ Bxe6 ({Black should try} 40... Kd6 $17 41. Nf4 Bf7) 41. Rxe6 {KR-KR} Rf3+ 42. Kxc4 Rxg3 43. Kc5 Rg2 44. Re7+ Kb8 45. b4 Rc2+ 46. Kd6 Rc4 47. Rg7 Rxh4 48. Kxc6 {[%cal Rg7g8]} Rc4+ 49. Kb5 Rg4 50. Ka6 {And now Rb7+ would win.} h5 51. Rxa7 h4 52. Kb6 Rf4 {( -> ...Rf6+)} 53. Rh7 {White threatens Rh8+ and mate.} Rf6+ 54. Kc5 Rf5+ 55. Kd6 $2 {[%mdl 8192] [#]} (55. Kd4 $11) 55... Rh5 $1 $19 {[%cal Rh5h7]} 56. Re7 g5 57. Kd5 g4+ {Black mates.} 58. Kd4 h3 59. Re1 h2 {Accuracy: White = 65%, Black = 67%.} 0-1

[Event "106th British-ch 2019"]
[Site "Torquay"]
[Date "2019.08.02"]
[Round "7.25"]
[White "Wall, Tim P"]
[Black "Kahn, Tito"]
[Result "1-0"]
[WhiteElo "2246"]
[BlackElo "1921"]
[Annotator "NA"]
[PlyCount "59"]
[EventDate "2019.07.27"]
[EventType "swiss"]
[EventCountry "GBR"]
[SourceTitle "playchess.com"]
[Source "ChessBase"]
[SourceQuality "1"]
[TimeControl "40/5400+30:1800+30"]

1. e4 {[%emt 0:00:00]} c5 {[%emt 0:00:00]} 2. Nf3 {[%emt 0:00:07]} e6 {[%emt 0:00:00]} 3. b3 {[%emt 0:01:12]} a6 {[%emt 0:04:07]} 4. Bb2 {[%emt 0:01:53]} Nc6 {[%emt 0:00:39]} 5. Bd3 {[%emt 0:01:29]} d6 {[%emt 0:01:28]} 6. O-O {[%emt 0:00:25]} Nf6 {[%emt 0:00:49]} 7. Re1 {[%emt 0:02:01]} Be7 {[%emt 0:00:12]} 8. Bf1 {[%emt 0:02:51]} O-O {[%emt 0:11:25]} 9. d4 {[%emt 0:01:24]} cxd4 {[%emt 0:01:40]} 10. Nxd4 {[%emt 0:00:10]} Nxd4 {[%emt 0:01:14]} 11. Qxd4 {[%emt 0:00:22]} e5 {[%emt 0:01:06]} 12. Qd2 {[%emt 0:03:05]} Be6 {[%emt 0:18:42]} 13. c4 {[%emt 0:03:02]} Nh5 {[%emt 0:03:38]} 14. g3 {[%emt 0:07:55]} f5 {[%emt 0:05:27]} 15. exf5 {[%emt 0:01:08]} Rxf5 {[%emt 0:09:07]} 16. Bh3 {[%emt 0:03:28]} Qd7 {[%emt 0:00:20]} 17. Bxf5 {[%emt 0:00:48]} Bxf5 {[%emt 0:00:01]} 18. Nc3 {[%emt 0:00:50]} h6 {[%emt 0:01:50]} 19. Rad1 {[%emt 0:07:52]} Rd8 {[%emt 0:08:01]} 20. Nd5 {[%emt 0:08:25]} Bg5 {[%emt 0:01:47]} 21. Qe2 {[%emt 0:01:38]} Qf7 {[%emt 0:01:59]} 22. Bc1 {[%emt 0:10:40]} Nf6 {[%emt 0:13:42]} 23. Bxg5 {[%emt 0:11:30]} hxg5 {[%emt 0:00:02]} 24. f3 {[%emt 0:03:59]} Be6 {[%emt 0:04:26]} 25. Qd2 {[%emt 0:04:01]} Nh5 {[%emt 0:04:35]} 26. Qxg5 {[%emt 0:02:26]} Rf8 {[%emt 0:00:06]} 27. Rf1 {[%emt 0:02:53]} Bh3 {[%emt 0:00:21]} 28. Rf2 {[%emt 0:00:41]} e4 {[%emt 0:00:34]} 29. g4 {[%emt 0:04:15]} e3 {[%emt 0:01:40]} 30. Qxe3 {[%emt 0:03:48]} 1-0

[Event "106th British-ch 2019"]
[Site "Torquay"]
[Date "2019.08.02"]
[Round "7.26"]
[White "Donaldson, Thomas"]
[Black "Villiers, Thomas"]
[Result "0-1"]
[WhiteElo "2065"]
[BlackElo "2218"]
[Annotator "NA"]
[PlyCount "64"]
[EventDate "2019.07.27"]
[EventType "swiss"]
[EventCountry "GBR"]
[SourceTitle "playchess.com"]
[Source "ChessBase"]
[SourceQuality "1"]
[TimeControl "40/5400+30:1800+30"]

1. d4 {[%emt 0:00:00]} e6 {[%emt 0:00:00]} 2. c4 {[%emt 0:00:00]} b6 {[%emt 0:00:00]} 3. e4 {[%emt 0:00:32]} Bb7 {[%emt 0:00:00]} 4. Nc3 {[%emt 0:00:17]} Bb4 {[%emt 0:00:00]} 5. Bd3 {[%emt 0:00:07]} f5 {[%emt 0:00:27]} 6. f3 {[%emt 0:00:16]} fxe4 {[%emt 0:00:37]} 7. fxe4 {[%emt 0:00:14]} Bxc3+ {[%emt 0:00:43]} 8. bxc3 {[%emt 0:00:15]} Nf6 {[%emt 0:00:50]} 9. d5 {[%emt 0:03:01]} e5 {[%emt 0:01:50]} 10. Nf3 {[%emt 0:04:48]} d6 {[%emt 0:00:41]} 11. O-O {[%emt 0:05:15]} Bc8 {[%emt 0:00:46]} 12. Nh4 {[%emt 0:01:56]} O-O {[%emt 0:00:31]} 13. Nf5 {[%emt 0:02:39]} Bxf5 {[%emt 0:00:23]} 14. exf5 {[%emt 0:01:51]} Nbd7 {[%emt 0:00:24]} 15. g4 {[%emt 0:04:53]} e4 {[%emt 0:00:11]} 16. Bc2 {[%emt 0:00:22]} Nc5 {[%emt 0:00:41]} 17. g5 {[%emt 0:03:03]} Nfd7 {[%emt 0:00:06]} 18. Be3 {[%emt 0:06:31]} Qe7 {[%emt 0:00:36]} 19. Qh5 {[%emt 0:10:12]} Rae8 {[%emt 0:03:23]} 20. Rf4 {[%emt 0:15:25]} Qe5 {[%emt 0:04:30]} 21. Raf1 {[%emt 0:14:06]} Qxc3 {[%emt 0:01:02]} 22. Bxc5 {[%emt 0:05:09]} bxc5 {[%emt 0:00:38]} 23. Rh4 {[%emt 0:03:04]} Qe3+ {[%emt 0:00:16]} 24. Kh1 {[%emt 0:01:27]} h6 {[%emt 0:00:15]} 25. f6 {[%emt 0:00:46]} Re5 {[%emt 0:02:02]} 26. f7+ {[%emt 0:14:22]} Kh8 {[%emt 0:01:58]} 27. Rg1 {[%emt 0:01:04]} Qf3+ {[%emt 0:07:02]} 28. Qxf3 {[%emt 0:00:12]} exf3 {[%emt 0:00:04]} 29. gxh6 {[%emt 0:00:35]} g5 {[%emt 0:00:08]} 30. Re4 {[%emt 0:02:01]} Rxf7 {[%emt 0:00:15]} 31. Rf1 {[%emt 0:00:36]} Rxe4 {[%emt 0:00:31]} 32. Bxe4 {[%emt 0:00:06]} Ne5 {[%emt 0:00:01]} 0-1